[Event "Nichelino op-C 14th"]
[Site "Nichelino"]
[Date "2013.10.06"]
[Round "4"]
[White "Allovio, Giacomo"]
[Black "Buffa, Demetrio"]
[Result "1/2-1/2"]
[WhiteElo "1371"]
[BlackElo "1392"]
[PlyCount "70"]
[EventDate "2013.10.04"]
[EventType "tourn"]
[EventRounds "5"]
[EventCountry "ITA"]
[SourceTitle "EXT 2024"]
[Source "ChessBase"]
[SourceDate "2023.10.10"]
[SourceVersion "1"]
[SourceVersionDate "2023.10.10"]
[SourceQuality "1"]

1. e4 e6 2. d4 d5 3. exd5 exd5 4. Qe2+ Qe7 5. Qxe7+ Bxe7 6. Nc3 Bb4 7. Bd2 Bxc3 8. Bxc3 Nc6 9. Bb5 Bd7 10. Ne2 a6 11. Ba4 b5 12. Bb3 b4 13. Bd2 Nf6 14. 0-0 a5 15. Rfe1 0-0 16. Nf4 Nxd4 17. c3 Nxb3 18. axb3 bxc3 19. Bxc3 a4 20. bxa4 Bxa4 21. Bxf6 gxf6 22. Nxd5 Bb3 23. Nxf6+ Kg7 24. Ne4 Rxa1 25. Rxa1 Rd8 26. h3 Bd5 27. Rd1 Re8 28. Rxd5 Rxe4 29. Rc5 Rb4 30. Rxc7 Rxb2 31. f4 Kg6 32. Rc5 f5 33. Kh2 Rb4 34. g3 h5 35. h4 Ra4 1/2-1/2